000 00700nam a2200265Ia 4500
003 OSt
005 20221006145201.0
006 a|||||r|||| 00| 0
007 ta
008 221006b |||||||| |||| 00| 0 chi d
020 _a9787560004303
_cYu 8.80
024 _a14,047
037 _bGift, PRC
_cTextual
040 _aEASL
_cEASL
_bchi
041 _2chi
_achi
082 _aP41, N3
100 _aWang Guoan Ed.
_9653685
245 0 _aXueshuo Zhongguohua
260 _aShanghai
_bHanyu Dacidian Chubanshe China
_c1993
300 _a430p.
_ccm.
490 _v CL
650 _aCL
_9642733
942 _hP41, N3
_cTEXL
_2CC
999 _c1082133
_d1082133